| 000 | 00505pam a2200157 4500 | ||
|---|---|---|---|
| 020 | _a0444001344 | ||
| 082 | 0 | 0 |
_a624.0685 _bADR _cL-14, P-116 |
| 100 | 1 |
_aAdrian, James J. _942282 |
|
| 245 | 1 | 0 |
_aQuantitative methods in construction management _c[by] James J. Adrian. |
| 260 |
_aNew York, _bAmerican Elsevier Pub. Co. _c[1973] |
||
| 300 |
_axv, 491 p. _billus. _c24 cm. |
||
| 526 |
_a0 _b0 _c0 _d624_068500000000000_ADR |
||
| 650 | 0 |
_aContractors' operations. _925445 |
|
| 650 | 0 |
_aMCE _9379 |
|
| 942 |
_2ddc _cBK |
||
| 999 |
_c546198 _d546198 |
||